[Event "C.to Provinciale BS"]
[Site "Sarezzo ITA"]
[Date "2014.02.01"]
[Round "4"]
[White "Ricci, Davide"]
[Black "Zorzi, Samuele"]
[WhiteElo "1413"]
[BlackElo "1613"]
[Result "1/2-1/2"]
[PlyCount "22"]
[EventDate "2014.01.25"]

1. e4 e6 2. d4 d5 3. exd5 exd5 4. Bf4 c6 5. c3 Nf6 6. Bd3 Be7 7. Nf3 O-O 8. O-O
Bg4 9. h3 Bh5 10. Be2 Re8 11. Re1 Bd6 1/2-1/2

[Event "C.to Provinciale BS"]
[Site "Sarezzo ITA"]
[Date "2014.02.02"]
[Round "5"]
[White "Bresciani, Luca"]
[Black "Caceffo, Daniele"]
[WhiteElo "1395"]
[BlackElo "1727"]
[Result "0-1"]
[PlyCount "86"]
[EventDate "2014.01.25"]

1. e4 e5 2. Nf3 Nc6 3. Bb5 a6 4. Ba4 Nf6 5. d3 Be7 6. c4 O-O 7. O-O d6 8. h3
Bd7 9. a3 Re8 10. Be3 Bf8 11. b4 Ne7 12. Bb3 Ng6 13. Nbd2 b6 14. Qc2 c5 15.
bxc5 bxc5 16. a4 Rb8 17. Rfb1 a5 18. Qc3 Qc7 19. Bc2 Rb4 20. Bb3 Reb8 21. Qc2
Nh5 22. g3 Bxh3 23. Ng5 Bd7 24. Qd1 Nf6 25. f4 Bg4 26. Qf1 h6 27. f5 Ne7 28.
Nh3 Nc6 29. Nf2 g6 30. Nxg4 Nxg4 31. fxg6 Nxe3 32. gxf7+ Qxf7 33. Qe2 Nd4 34.
Qxe3 Nxb3 35. Rf1 Qg6 36. Nxb3 Rxb3 37. Rf3 Rb1+ 38. Rxb1 Rxb1+ 39. Kg2 Rb4 40.
Rf5 Rxa4 41. Qf3 Bg7 42. Kh3 Ra1 43. Qg4 Rh1+ 0-1

[Event "C.to Provinciale BS"]
[Site "Sarezzo ITA"]
[Date "2014.02.02"]
[Round "5"]
[White "Cattaneo, Ugo"]
[Black "Brugaletta, Giorgio"]
[WhiteElo "1807"]
[BlackElo "1766"]
[Result "1-0"]
[PlyCount "93"]
[EventDate "2014.01.25"]

1. e4 e6 2. d4 d5 3. Nd2 c5 4. c3 cxd4 5. cxd4 Nc6 6. Ngf3 Bb4 7. e5 Bd7 8. a3
Ba5 9. b4 Bb6 10. Nb3 Nge7 11. Bd3 h6 12. Bd2 a6 13. a4 O-O 14. g4 f5 15. exf6
Rxf6 16. g5 Rxf3 17. Qxf3 Qf8 18. Qxf8+ Rxf8 19. Nc5 Bxc5 20. dxc5 h5 21. O-O
Ne5 22. Be2 Nf3+ 23. Bxf3 Rxf3 24. Kg2 Rd3 25. Be3 Nf5 26. b5 axb5 27. axb5
Bxb5 28. g6 Kf8 29. Bg5 Ke8 30. Rfb1 Bc6 31. Ra8+ Kd7 32. Rh8 e5 33. Rxh5 Ke6
34. Kf1 Rf3 35. Rh7 e4 36. Ke1 d4 37. h4 Rh3 38. Ke2 d3+ 39. Kd2 Rh2 40. Be3
Kf6 41. h5 Rg2 42. Rh1 Ke6 43. Rh8 Kf6 44. Rf8+ Ke6 45. Rf7 Bd5 46. Rxg7 Nxg7
47. h6 1-0

[Event "C.to Provinciale BS"]
[Site "Sarezzo ITA"]
[Date "2014.02.02"]
[Round "5"]
[White "Conti, Ferdinando"]
[Black "Gaglione, Francesco"]
[WhiteElo "1721"]
[BlackElo "1470"]
[Result "0-1"]
[PlyCount "66"]
[EventDate "2014.01.25"]

1. Nf3 d5 2. b4 Nf6 3. Bb2 e6 4. a3 b6 5. e3 Be7 6. Be2 O-O 7. c4 Bb7 8. Nc3
dxc4 9. Bxc4 c5 10. b5 Nd5 11. O-O Bf6 12. Rc1 Nxc3 13. Bxc3 Bxc3 14. Rxc3 Nd7
15. Be2 Qf6 16. Qc2 Ne5 17. Nxe5 Qxe5 18. f4 Qe4 19. Bf3 Qxc2 20. Rxc2 Bxf3 21.
Rxf3 Rfd8 22. e4 g6 23. Rfc3 a6 24. a4 Rd4 25. Rc4 Rxc4 26. Rxc4 axb5 27. axb5
Ra5 28. d4 cxd4 29. Rb4 d3 30. Kf2 d2 31. Ke2 Ra2 32. Rb1 d1=Q+ 33. Kxd1 Rxg2
0-1

[Event "C.to Provinciale BS"]
[Site "Sarezzo ITA"]
[Date "2014.02.02"]
[Round "5"]
[White "Dieli, Alberto"]
[Black "Agnelli, Francesco"]
[WhiteElo "1942"]
[BlackElo "2040"]
[Result "0-1"]
[PlyCount "102"]
[EventDate "2014.01.25"]

1. e4 c5 2. Nf3 Nc6 3. Bb5 e6 4. O-O Nge7 5. d4 cxd4 6. Nxd4 Qc7 7. Be3 a6 8.
Nc3 Ng6 9. Be2 Nf4 10. Bf3 Be7 11. g3 Ng6 12. Qe2 Nce5 13. Bg2 Nc4 14. Bc1 O-O
15. Nd1 b5 16. Ne3 Bb7 17. Nxc4 bxc4 18. Bd2 Rac8 19. Bc3 Qb6 20. h4 Bb4 21.
Bxb4 Qxb4 22. c3 Qc5 23. Rad1 f5 24. Rd2 f4 25. h5 Ne5 26. g4 Qe7 27. f3 Qg5
28. Bh3 Rce8 29. Rfd1 d5 30. Nxe6 Rxe6 31. exd5 Ree8 32. Qe4 Nxg4 33. Qxe8 Ne3+
34. Rg2 Qxg2+ 35. Bxg2 Rxe8 36. Rd4 Bxd5 37. Bh3 Bxf3 38. Kf2 Bxh5 39. Rxf4
Nd1+ 40. Kf1 Nxb2 41. Rh4 Be2+ 42. Kg2 g5 43. Rd4 Nd3 44. Bd7 Re3 45. Bc6 Nf4+
46. Kf2 Rxc3 47. a4 Bh5 48. Rd8+ Kg7 49. Ra8 g4 50. Ra7+ Kh6 51. Be4 g3+ 0-1

[Event "C.to Provinciale BS"]
[Site "Sarezzo ITA"]
[Date "2014.02.02"]
[Round "5"]
[White "Fausti, Mattia"]
[Black "Muffolini, Riccardo"]
[WhiteElo "1434"]
[BlackElo "1467"]
[Result "0-1"]
[PlyCount "94"]
[EventDate "2014.01.25"]

1. c4 c5 2. Nf3 Nf6 3. g3 g6 4. Bg2 Bg7 5. O-O O-O 6. e3 d6 7. d4 Bg4 8. Qd2
Nbd7 9. h3 Bf5 10. Nc3 Ne4 11. Nxe4 Bxe4 12. Nh4 Bxg2 13. Nxg2 Nb6 14. b3 Qd7
15. Kh2 Bh6 16. Bb2 Rfd8 17. Rad1 Bg7 18. dxc5 dxc5 19. Qxd7 Rxd7 20. Rxd7 Nxd7
21. Bxg7 Kxg7 22. Rd1 Rd8 23. f4 Kf8 24. e4 Ke8 25. g4 Nf6 26. Rxd8+ Kxd8 27.
e5 Ne4 28. Ne3 Nc3 29. a3 Nb1 30. Nc2 Nd2 31. Na1 f6 32. exf6 exf6 33. g5 Ke7
34. h4 Ke6 35. Kg3 fxg5 36. fxg5 Kf5 37. b4 cxb4 38. axb4 Nxc4 39. Nb3 Ke5 40.
Kf3 b6 41. Ke2 a5 42. bxa5 bxa5 43. Nxa5 Nxa5 44. Kf3 Kf5 45. Kg3 Ke4 46. Kg4
Nc6 47. Kg3 Ne5 0-1

[Event "C.to Provinciale BS"]
[Site "Sarezzo ITA"]
[Date "2014.02.02"]
[Round "5"]
[White "Migliorati, Michele"]
[Black "Burimi, Ilir"]
[WhiteElo "1500"]
[BlackElo "1907"]
[Result "0-1"]
[PlyCount "70"]
[EventDate "2014.01.25"]

1. e4 c5 2. Nc3 Nc6 3. f4 e6 4. Nf3 d5 5. e5 a6 6. Be2 b5 7. a3 Qb6 8. d3 Nge7
9. Nh4 Ng6 10. Nf3 Be7 11. h4 Nd4 12. h5 Nxf3+ 13. Bxf3 Nh4 14. g4 Bb7 15. g5
Nxf3+ 16. Qxf3 b4 17. axb4 cxb4 18. Na4 Qa7 19. Rf1 d4 20. Qf2 g6 21. b3 O-O-O
22. Nb2 Kb8 23. Nc4 h6 24. gxh6 Rxh6 25. f5 Rxh5 26. fxe6 Bh4 27. exf7 Bxf2+
28. Rxf2 Rf5 29. e6 Bd5 30. Rxa6 Qe7 31. Re2 Bxc4 32. dxc4 Qh4+ 33. Kd2 Qg5+
34. Kd1 Rf1+ 35. Re1 Qg4+ 0-1

[Event "C.to Provinciale BS"]
[Site "Sarezzo ITA"]
[Date "2014.02.02"]
[Round "5"]
[White "Paglia, Angelo"]
[Black "Dieli, Riccardo"]
[WhiteElo "1699"]
[BlackElo "1853"]
[Result "1/2-1/2"]
[PlyCount "75"]
[EventDate "2014.01.25"]

1. d4 Nf6 2. Nf3 g6 3. g3 b6 4. Bg2 Bb7 5. O-O Bg7 6. c4 O-O 7. Nc3 d6 8. Qc2
Nbd7 9. Rd1 c5 10. d5 a6 11. a4 Qc7 12. e4 Ne5 13. Nxe5 dxe5 14. Qe2 Bc8 15. h3
Bd7 16. Bg5 h6 17. Be3 Kh7 18. Rac1 Qc8 19. Kh2 Qe8 20. b3 Rb8 21. Qd2 Qc8 22.
f4 Nh5 23. Ne2 exf4 24. Nxf4 Nxf4 25. Bxf4 Rb7 26. Qf2 g5 27. Be3 f5 28. exf5
Bxf5 29. Qe2 Rd7 30. Rf1 Qc7 31. Rxf5 Rxf5 32. Be4 Qe5 33. Qd3 e6 34. Rf1 Kh8
35. Bxf5 exf5 36. Rxf5 Qb2+ 37. Rf2 Qe5 38. Rf5 1/2-1/2

[Event "C.to Provinciale BS"]
[Site "Sarezzo ITA"]
[Date "2014.02.02"]
[Round "5"]
[White "Poletti, Fausto"]
[Black "Peli, Jordan"]
[WhiteElo "1880"]
[BlackElo "1493"]
[Result "1-0"]
[PlyCount "49"]
[EventDate "2014.01.25"]

1. e4 c5 2. c4 e5 3. g3 d6 4. Bg2 Nc6 5. Ne2 f5 6. d3 h6 7. O-O Be6 8. b3 Qd7
9. Nbc3 O-O-O 10. f4 g5 11. Be3 Bg7 12. Rb1 Nge7 13. fxg5 hxg5 14. Bxg5 Rdf8
15. Qd2 Rh5 16. Nd5 Ng6 17. Rf2 Rfh8 18. exf5 Bxf5 19. Be4 Bxe4 20. dxe4 Qg4
21. Bf6 Qxe4 22. Nec3 Qg4 23. Bxg7 Nd4 24. Bxh8 Rxh2 25. Kxh2 1-0

[Event "C.to Provinciale BS"]
[Site "Sarezzo ITA"]
[Date "2014.02.02"]
[Round "5"]
[White "Zorzi, Aristide"]
[Black "Ricci, Davide"]
[WhiteElo "1760"]
[BlackElo "1413"]
[Result "1-0"]
[PlyCount "61"]
[EventDate "2014.01.25"]

1. e4 e6 2. d4 d5 3. Nd2 Nf6 4. e5 Nfd7 5. Bd3 c5 6. c3 Nc6 7. Ne2 Qb6 8. Nf3
cxd4 9. cxd4 Bb4+ 10. Kf1 Be7 11. a3 f6 12. exf6 Nxf6 13. b4 a6 14. Nc3 Bd7 15.
Na4 Qc7 16. Bb2 Qd8 17. Nc5 Bxc5 18. dxc5 b6 19. cxb6 Qxb6 20. Qe2 Nd8 21. Bd4
Qb7 22. Bc5 Bb5 23. Ne5 Bxd3 24. Nxd3 Qb5 25. f3 Nd7 26. a4 Qc6 27. Ne5 Nxe5
28. Qxe5 Kf7 29. Bd4 Rg8 30. Qh5+ Kf8 31. Bc5+ 1-0

[Event "C.to Provinciale BS"]
[Site "Sarezzo ITA"]
[Date "2014.02.02"]
[Round "5"]
[White "Zorzi, Samuele"]
[Black "Avanzini, Angelo"]
[WhiteElo "1613"]
[BlackElo "1517"]
[Result "1-0"]
[PlyCount "91"]
[EventDate "2014.01.25"]

1. e4 c5 2. Nf3 Nc6 3. d4 cxd4 4. Nxd4 g6 5. c3 Bg7 6. Be3 Nf6 7. f3 a6 8. Nd2
Qb6 9. Nf5 Qa5 10. Nc4 Qc7 11. Nxg7+ Kf8 12. Bh6 Kg8 13. Qd2 b5 14. Ne3 Qe5 15.
Nd5 Nxe4 16. fxe4 Qxe4+ 17. Kd1 Bb7 18. Nc7 Ne5 19. Nxa8 Bxa8 20. Ne8 Qa4+ 21.
Kc1 Be4 22. Bg7 Ng4 23. Bd3 Bxd3 24. Qxd3 Nf2 25. Qc2 Qf4+ 26. Qd2 Qf5 27. Rd1
Nxd1 28. Qxd1 Qf4+ 29. Kc2 Qe4+ 30. Qd3 Qxg2+ 31. Kb3 Qg4 32. Qd4 Qe6+ 33. c4
bxc4+ 34. Qxc4 d5 35. Qd4 f6 36. Rc1 Qh3+ 37. Rc3 Qd7 38. Nxf6+ exf6 39. Bxh8
Qb5+ 40. Qb4 Kxh8 41. Qxb5 axb5 42. Rc5 d4 43. Rxb5 Kg7 44. Rd5 f5 45. Rxd4 Kf6
46. a4 1-0

[Event "C.to Provinciale BS"]
[Site "Sarezzo ITA"]
[Date "2014.02.02"]
[Round "6"]
[White "Agnelli, Francesco"]
[Black "Paglia, Angelo"]
[WhiteElo "2040"]
[BlackElo "1699"]
[Result "1-0"]
[PlyCount "99"]
[EventDate "2014.01.25"]

1. e4 e5 2. Nf3 Nc6 3. Bb5 a6 4. Ba4 Nf6 5. d3 b5 6. Bb3 Be7 7. c3 d6 8. Nbd2
Bb7 9. Nf1 O-O 10. Ng3 Na5 11. Bc2 Bc8 12. O-O c5 13. Re1 Re8 14. h3 Bf8 15.
Bg5 g6 16. Qd2 Bg7 17. Nh2 Qb6 18. Be3 Nc6 19. f4 exf4 20. Bxf4 Ne5 21. Rf1 d5
22. Qf2 dxe4 23. Nxe4 Nxe4 24. dxe4 Be6 25. Be3 Nd7 26. Rad1 Qc6 27. Bf4 Ne5
28. Bb1 Rad8 29. Nf3 Nxf3+ 30. Qxf3 b4 31. Bg5 Rxd1 32. Rxd1 bxc3 33. bxc3 Qa4
34. Qd3 Bxc3 35. Qe2 Bd4+ 36. Kh1 Qc6 37. Bh6 Bg7 38. Bf4 Bd4 39. Qc2 Qc8 40.
Kh2 Rd8 41. Qa4 Bd7 42. Qa5 Bb5 43. Bc2 Re8 44. a4 Bc6 45. e5 Bb7 46. Re1 Qe6
47. Qd2 f6 48. Qd3 Bxe5 49. Bxe5 fxe5 50. Bb3 1-0

[Event "C.to Provinciale BS"]
[Site "Sarezzo ITA"]
[Date "2014.02.02"]
[Round "6"]
[White "Brugaletta, Giorgio"]
[Black "Avanzini, Angelo"]
[WhiteElo "1766"]
[BlackElo "1517"]
[Result "1-0"]
[PlyCount "123"]
[EventDate "2014.01.25"]

1. e4 c5 2. Nf3 Nc6 3. d4 cxd4 4. Nxd4 g6 5. Nc3 Bg7 6. Be3 a6 7. Bc4 Nf6 8.
Bb3 O-O 9. O-O e6 10. Qd2 Qe7 11. f3 Na5 12. Rac1 Nxb3 13. cxb3 d6 14. Rc2 Qd7
15. Rfc1 d5 16. exd5 Nxd5 17. Nxd5 Qxd5 18. Qf2 Bd7 19. Rd2 Qa5 20. Nc2 Bc6 21.
Na3 Rfd8 22. Rxd8+ Qxd8 23. Nc4 Qf6 24. Rd1 Rd8 25. Rxd8+ Qxd8 26. Qc2 h5 27.
h3 Bd4 28. Bxd4 Qxd4+ 29. Qf2 Qd1+ 30. Kh2 Qd5 31. Qg3 Qf5 32. Nd6 Qc2 33. Qf4
Qxb2 34. Qxf7+ Kh8 35. Qxg6 Qe5+ 36. Qg3 Qxg3+ 37. Kxg3 Kg7 38. Kh4 Kg6 39. Nc4
Bd5 40. Ne5+ Kh6 41. g4 hxg4 42. hxg4 b5 43. g5+ Kg7 44. f4 a5 45. Nd3 a4 46.
bxa4 bxa4 47. a3 Kg6 48. Kg4 Bb3 49. Ne5+ Kg7 50. Kg3 Bd5 51. Kf2 Kg8 52. Ke3
Kg7 53. Kd4 Bb3 54. Kc5 Bd5 55. f5 Bb3 56. f6+ Kf8 57. Kd6 Bc2 58. Kxe6 Bb3+
59. Kd6 Bg8 60. g6 Bb3 61. Nd7+ Kg8 62. f7+ 1-0

[Event "C.to Provinciale BS"]
[Site "Sarezzo ITA"]
[Date "2014.02.02"]
[Round "6"]
[White "Burimi, Ilir"]
[Black "Poletti, Fausto"]
[WhiteElo "1907"]
[BlackElo "1880"]
[Result "0-1"]
[PlyCount "62"]
[EventDate "2014.01.25"]

1. e4 c5 2. Nf3 Nc6 3. d4 cxd4 4. Nxd4 Nf6 5. Nc3 e5 6. Ndb5 d6 7. Be3 a6 8.
Na3 b5 9. Nd5 Nxd5 10. exd5 Nb8 11. Qd2 Be7 12. c4 bxc4 13. Nxc4 Nd7 14. b4 O-O
15. Na5 f5 16. f3 Qe8 17. Nc6 Bf6 18. Rc1 f4 19. Bg1 e4 20. Bd4 exf3+ 21. Kf2
fxg2 22. Bxg2 Bh4+ 23. Kf1 f3 24. Bh3 Ne5 25. Bxc8 Rxc8 26. Rg1 Ng6 27. Bf2
Qe2+ 28. Qxe2 fxe2+ 29. Kxe2 Rxf2+ 30. Kd3 Re8 31. Rg4 Rxa2 0-1

[Event "C.to Provinciale BS"]
[Site "Sarezzo ITA"]
[Date "2014.02.02"]
[Round "6"]
[White "Caceffo, Daniele"]
[Black "Peloni, Davide"]
[WhiteElo "1727"]
[BlackElo "1392"]
[Result "1-0"]
[PlyCount "99"]
[EventDate "2014.01.25"]

1. e4 e5 2. Nf3 Nc6 3. Bb5 Bc5 4. c3 Nf6 5. d4 exd4 6. cxd4 Be7 7. Nc3 O-O 8.
O-O d6 9. h3 Re8 10. Bf4 Qd7 11. d5 Qd8 12. dxc6 a6 13. cxb7 Bxb7 14. Bxe8 Qxe8
15. Nd4 g6 16. f3 c6 17. Nde2 Rd8 18. Qc2 d5 19. exd5 cxd5 20. Rad1 Bc5+ 21.
Kh1 Bc6 22. Nd4 Nh5 23. Nxc6 Qxc6 24. Bh2 Bd6 25. Bxd6 Qxd6 26. Rxd5 Ng3+ 27.
Kg1 Qb6+ 28. Qf2 Qc7 29. Rxd8+ Qxd8 30. Qxg3 Qb6+ 31. Kh1 Qxb2 32. Ne4 f5 33.
Rd1 Qb6 34. Qd6 Qa5 35. Qd8+ Qxd8 36. Rxd8+ Kf7 37. Nc5 Ke7 38. Rh8 h5 39. Nxa6
f4 40. Nb4 Kf6 41. a4 h4 42. a5 g5 43. a6 g4 44. hxg4 Kg5 45. a7 Kg6 46. a8=Q
Kg5 47. Qd5+ Kg6 48. Qf5+ Kg7 49. Rh7+ Kg8 50. Qf7# 1-0

[Event "C.to Provinciale BS"]
[Site "Sarezzo ITA"]
[Date "2014.02.02"]
[Round "6"]
[White "Cattaneo, Ugo"]
[Black "Dieli, Alberto"]
[WhiteElo "1807"]
[BlackElo "1942"]
[Result "0-1"]
[PlyCount "32"]
[EventDate "2014.01.25"]

1. e4 e5 2. Nf3 Nc6 3. Bc4 Bc5 4. b4 Bxb4 5. c3 Be7 6. d4 exd4 7. O-O d3 8. Qb3
Na5 9. Bxf7+ Kf8 10. Qd5 c6 11. Qf5 Nf6 12. Bh5 d5 13. Qf4 dxe4 14. Ng5 Bd6 15.
Qh4 Nxh5 16. Ne6+ Bxe6 0-1

[Event "C.to Provinciale BS"]
[Site "Sarezzo ITA"]
[Date "2014.02.02"]
[Round "6"]
[White "Dieli, Riccardo"]
[Black "Zorzi, Samuele"]
[WhiteElo "1853"]
[BlackElo "1613"]
[Result "1-0"]
[PlyCount "113"]
[EventDate "2014.01.25"]

1. Nf3 d5 2. c4 c6 3. d4 e6 4. e3 f5 5. Ne5 Nf6 6. cxd5 exd5 7. Bd3 Bd6 8. O-O
O-O 9. b3 Qe8 10. Bb2 Ng4 11. Nf3 Qh5 12. h3 Nf6 13. Ne5 Qe8 14. Nd2 Ne4 15. f4
Nd7 16. Bxe4 fxe4 17. a3 Nf6 18. b4 Nh5 19. g4 Nf6 20. Qb3 Kh8 21. Qd1 h5 22.
f5 Bxe5 23. dxe5 Ng8 24. e6 Bxe6 25. fxe6 Qxe6 26. Rxf8 Rxf8 27. Qe1 hxg4 28.
Qh4+ Nh6 29. Qg5 Rg8 30. Rf1 gxh3 31. Kh1 Kh7 32. Bd4 Qg4 33. Qxg4 Nxg4 34. Rg1
Nf2+ 35. Kh2 g5 36. Kg3 Rf8 37. Rf1 h2 38. Kxh2 Ng4+ 39. Kg3 Rxf1 40. Nxf1 Nh6
41. Bxa7 Kg6 42. Nd2 Nf5+ 43. Kg4 Nd6 44. Bc5 Nc4 45. Nxc4 dxc4 46. Bd4 Kh6 47.
a4 Kg6 48. a5 Kh6 49. Kf5 Kh5 50. Kxe4 Kh4 51. Bf6 Kg4 52. Kd4 c3 53. Kxc3 Kf5
54. Bxg5 Kxg5 55. Kd4 Kf5 56. Kc5 Ke4 57. Kb6 1-0

[Event "C.to Provinciale BS"]
[Site "Sarezzo ITA"]
[Date "2014.02.02"]
[Round "6"]
[White "Gaglione, Francesco"]
[Black "Ricci, Davide"]
[WhiteElo "1470"]
[BlackElo "1413"]
[Result "1-0"]
[PlyCount "103"]
[EventDate "2014.01.25"]

1. d4 d5 2. c4 e6 3. Nc3 Nf6 4. Nf3 c5 5. e3 Nc6 6. Be2 cxd4 7. Nxd4 Nxd4 8.
exd4 Be7 9. O-O O-O 10. Bf4 Bd6 11. Bg5 Be7 12. cxd5 Nxd5 13. Bxe7 Qxe7 14.
Nxd5 exd5 15. Re1 Qb4 16. b3 Bf5 17. Bf3 Be6 18. a3 Qd6 19. b4 Rac8 20. Qb3 Rc4
21. Red1 Rfc8 22. Be2 Rc2 23. Bd3 R2c3 24. Qb2 g6 25. h3 Qf4 26. Qb1 Bd7 27.
Qb2 Ba4 28. Rd2 Rb3 29. Qa2 Rbc3 30. g3 Qd6 31. Re1 Qd7 32. Kh2 Rc1 33. Rxc1
Rxc1 34. Bc2 Bxc2 35. Rxc2 Rxc2 36. Qxc2 Qf5 37. Qxf5 gxf5 38. Kg2 f6 39. Kf3
b6 40. Kf4 a5 41. bxa5 bxa5 42. Kxf5 Kf7 43. a4 Ke7 44. f4 Kf7 45. g4 Ke7 46.
h4 Kf7 47. g5 fxg5 48. fxg5 Ke7 49. h5 Kf7 50. g6+ hxg6+ 51. hxg6+ Ke7 52. Ke5
1-0

[Event "C.to Provinciale BS"]
[Site "Sarezzo ITA"]
[Date "2014.02.02"]
[Round "6"]
[White "Lumachi, Gabriele"]
[Black "Zorzi, Aristide"]
[WhiteElo "1419"]
[BlackElo "1760"]
[Result "0-1"]
[PlyCount "73"]
[EventDate "2014.01.25"]

1. e4 e6 2. Nc3 d5 3. d4 Nf6 4. e5 Nfd7 5. Nf3 c5 6. Bb5 a6 7. Bxd7+ Bxd7 8.
O-O cxd4 9. Qxd4 Nc6 10. Qe3 Be7 11. Nd4 O-O 12. Nxc6 bxc6 13. Qg3 Re8 14. Ne2
c5 15. Bh6 Bf8 16. Nf4 f5 17. Nh5 Qe7 18. Nf6+ Kh8 19. Nxe8 Rxe8 20. Bg5 Qf7
21. Rae1 Bb5 22. Bd2 Qb7 23. Qb3 Qc6 24. Qf3 Bxf1 25. Rxf1 Qb5 26. Qb3 c4 27.
Qxb5 axb5 28. a3 d4 29. Bb4 Bxb4 30. axb4 Rd8 31. Rd1 Kg8 32. Kf1 g5 33. Ke2
Rd5 34. f3 h5 35. Re1 Kg7 36. c3 d3+ 37. Kf2 0-1

[Event "C.to Provinciale BS"]
[Site "Sarezzo ITA"]
[Date "2014.02.02"]
[Round "6"]
[White "Muffolini, Riccardo"]
[Black "Brugaletta, Alessandro"]
[WhiteElo "1467"]
[BlackElo "1413"]
[Result "1-0"]
[PlyCount "65"]
[EventDate "2014.01.25"]

1. e4 e5 2. Nf3 Nc6 3. d4 exd4 4. Nxd4 Nxd4 5. Qxd4 d6 6. Bc4 Be6 7. Bxe6 fxe6
8. Nc3 e5 9. Qd5 c6 10. Qd1 Qd7 11. Be3 Nf6 12. O-O d5 13. exd5 cxd5 14. Bg5 d4
15. Bxf6 gxf6 16. Ne2 O-O-O 17. Qd3 f5 18. Qc4+ Qc7 19. Qxc7+ Kxc7 20. Rfe1 f4
21. g3 Rg8 22. Kh1 Bb4 23. Rg1 Bd6 24. gxf4 Rxg1+ 25. Rxg1 exf4 26. Nxd4 Bc5
27. Ne6+ Kc8 28. Nxd8 Kxd8 29. Rd1+ Kc7 30. f3 h5 31. Rd5 h4 32. Rxc5+ Kd6 33.
Rh5 1-0

[Event "C.to Provinciale BS"]
[Site "Sarezzo ITA"]
[Date "2014.02.02"]
[Round "6"]
[White "Peli, Jordan"]
[Black "Migliorati, Michele"]
[WhiteElo "1493"]
[BlackElo "1500"]
[Result "0-1"]
[PlyCount "60"]
[EventDate "2014.01.25"]

1. e4 c5 2. Nf3 Nc6 3. d4 cxd4 4. c3 dxc3 5. Bc4 cxb2 6. Bxb2 e6 7. O-O d6 8.
Nd4 e5 9. Ne2 Nf6 10. Nbc3 Be6 11. Bxe6 fxe6 12. f4 Qb6+ 13. Kh1 Qxb2 14. Rb1
Qa3 15. Rxb7 Rb8 16. Nb5 Qxa2 17. Nc7+ Kd8 18. Nxe6+ Qxe6 19. Rxb8+ Nxb8 20.
fxe5 d5 21. exf6 gxf6 22. exd5 Qe5 23. Ng3 Bd6 24. Rf5 Qe7 25. Qa1 Be5 26. Qa5+
Qc7 27. Qd2 Nd7 28. Ne4 Qb6 29. Rf1 Rg8 30. Qc1 Qb2 0-1

[Event "XXX C.to Torinese Open"]
[Site "Torino ITA"]
[Date "2014.01.13"]
[Round "1"]
[White "Slav, Nicolai"]
[Black "D'Agostino, Maurizio"]
[Result "0-1"]
[WhiteElo "1660"]
[BlackElo "2003"]
[PlyCount "92"]
[EventDate "2014.01.13"]

1. Nf3 Nf6 2. g3 d5 3. Bg2 c6 4. O-O e6 5. d3 Bd6 6. Re1 O-O 7. Nbd2 e5 8. e4
dxe4 9. Nxe4 Nxe4 10. dxe4 Qc7 11. Re3 Re8 12. b3 Na6 13. a3 f6 14. b4 Be6 15.
Ne1 Rad8 16. Qe2 Qf7 17. g4 Nc7 18. Rg3 Nb5 19. Bb2 Nd4 20. Qd1 Bc4 21. Nd3 Ne6
22. Bc1 Nf4 23. Bxf4 exf4 24. Rh3 Be5 25. Rc1 Rd6 26. Qf3 Bxd3 27. cxd3 Red8
28. Bf1 Qb3 29. Qd1 Qxa3 30. d4 Qxb4 31. Bc4+ Kf8 32. Rb3 Qa4 33. Rxb7 Qxd1+
34. Rxd1 Rxd4 35. Rxd4 Rxd4 36. Bb3 f3 37. Rf7+ Ke8 38. Rxa7 Rxe4 39. Kf1 Rb4
40. Bc2 Rc4 41. Ra2 Bxh2 42. Ke1 Bf4 43. Kd1 Rd4+ 44. Ke1 Bd2+ 45. Kd1 Bh6+ 46.
Ke1 Rxg4 0-1

[Event "XXX C.to Torinese Open"]
[Site "Torino ITA"]
[Date "2014.01.20"]
[Round "2"]
[White "Rizzo, Simone"]
[Black "Barletta, Mauro"]
[Result "1/2-1/2"]
[WhiteElo "1910"]
[BlackElo "2180"]
[PlyCount "120"]
[EventDate "2014.01.13"]

1. d4 e6 2. Nf3 f5 3. c4 Nf6 4. Nc3 d6 5. g3 Be7 6. Bg2 O-O 7. e3 Qe8 8. O-O
Bd8 9. Re1 e5 10. dxe5 dxe5 11. e4 fxe4 12. Nxe4 Nc6 13. Bd2 Bg4 14. Bc3 Qh5
15. Nxf6+ Bxf6 16. Qd5+ Kh8 17. Nxe5 Rad8 18. Qe4 Bxe5 19. Bxe5 Rd2 20. f4 Nxe5
21. Qxe5 Qxe5 22. Rxe5 Rxb2 23. Rb5 Rxb5 24. cxb5 Bd7 25. a4 a6 26. Rd1 Bg4 27.
Rc1 axb5 28. axb5 Rd8 29. Bxb7 Be2 30. Bc6 Kg8 31. Kf2 Bg4 32. Ke3 g6 33. Ke4
Kg7 34. Bd5 Rd7 35. Rc6 Be2 36. Bc4 Re7+ 37. Kd4 Bg4 38. Kc5 Kf8 39. Rf6+ Kg7
40. Ra6 Bf3 41. Bd5 Bg4 42. Ra7 Kf6 43. Ra6+ Kg7 44. Ra3 Kf6 45. Bf3 Bd7 46. g4
Re1 47. Ra6+ Ke7 48. Ra7 Rc1+ 49. Kb4 Rf1 50. Ra3 Rb1+ 51. Rb3 Rxb3+ 52. Kxb3
Bxb5 53. Kb4 Bd3 54. Kc5 Bc2 55. Be2 Be4 56. Bd1 Kf6 57. h4 h6 58. Be2 Ke6 59.
Bd1 Kf6 60. Be2 Ke6 1/2-1/2

[Event "XXX C.to Torinese Open"]
[Site "Torino ITA"]
[Date "2014.01.20"]
[Round "2"]
[White "Bringas Osuna, Ivan Jarek"]
[Black "Bertagia, Roldano"]
[Result "1-0"]
[WhiteElo "2132"]
[BlackElo "1925"]
[PlyCount "41"]
[EventDate "2014.01.13"]

1. d4 d5 2. c4 c6 3. Nc3 Nf6 4. Nf3 Nbd7 5. e3 e6 6. Bd3 Bd6 7. O-O O-O 8. e4
dxe4 9. Nxe4 Nxe4 10. Bxe4 h6 11. Bc2 Re8 12. Re1 b6 13. Ne5 Nxe5 14. dxe5 Bb4
15. Qg4 f5 16. exf6 Qxf6 17. Re3 Rd8 18. Rg3 Rd4 19. Qh5 Bd2 20. Qe8+ Qf8 21.
Bh7+ 1-0

[Event "XXX C.to Torinese Open"]
[Site "Torino ITA"]
[Date "2014.01.27"]
[Round "3"]
[White "Musso, Valerio"]
[Black "Bringas Osuna, Ivan Jarek"]
[Result "0-1"]
[WhiteElo "1947"]
[BlackElo "2132"]
[PlyCount "56"]
[EventDate "2014.01.13"]

1. e4 c5 2. Nf3 d6 3. d4 cxd4 4. Nxd4 Nf6 5. Nc3 a6 6. Be2 e5 7. Nb3 Be7 8. Be3
Qc7 9. Nd5 Nxd5 10. exd5 O-O 11. Qd2 b6 12. O-O Nd7 13. c4 a5 14. Rac1 Nc5 15.
Nxc5 bxc5 16. f4 Bf6 17. fxe5 Bxe5 18. Bd3 a4 19. Bc2 g6 20. b3 axb3 21. Bxb3
Qe7 22. Bg5 f6 23. Bf4 Ba6 24. Rce1 Rae8 25. Kh1 Bxf4 26. Qa5 Be5 27. Qxa6 Ra8
28. Rxe5 fxe5 0-1

[Event "XXX C.to Torinese Open"]
[Site "Torino ITA"]
[Date "2014.02.03"]
[Round "4"]
[White "Rizzo, Simone"]
[Black "Fassio, Luca"]
[Result "1-0"]
[WhiteElo "1910"]
[BlackElo "2118"]
[PlyCount "91"]
[EventDate "2014.01.13"]

1. d4 Nf6 2. Nf3 g6 3. c4 c5 4. e3 Bg7 5. Nc3 O-O 6. Be2 d6 7. O-O Nc6 8. Re1
e5 9. d5 Ne7 10. a3 Ne8 11. Nd2 f5 12. Nf1 g5 13. b4 b6 14. bxc5 bxc5 15. Rb1
Ng6 16. Qc2 g4 17. Bd2 Nh4 18. Bd3 Qg5 19. Ng3 Rf6 20. Rb3 Rh6 21. Reb1 e4 22.
Bf1 Ng6 23. Nge2 Qh4 24. h3 Ne5 25. Nf4 gxh3 26. g3 Qg4 27. Be2 Nf3+ 28. Kh1
Ba6 29. Rb8 Rxb8 30. Rxb8 Bxc4 31. Bxc4 Ne1 32. Bxe1 Qf3+ 33. Kh2 Kf7 34. Qe2
Nf6 35. Rb7+ Kg8 36. Qxf3 exf3 37. Nb5 Ng4+ 38. Kh1 h2 39. Ne6 Be5 40. Rb8+ Kf7
41. Ng5+ Ke7 42. Nxf3 Bf6 43. Rb7+ Kd8 44. Nxd6 Rh5 45. Bb5 Bc3 46. Rd7# 1-0

[Event "XXX C.to Torinese Open"]
[Site "Torino ITA"]
[Date "2014.02.03"]
[Round "4"]
[White "Castelli, Giovanni J."]
[Black "Slav, Nicolai"]
[Result "1-0"]
[WhiteElo "1870"]
[BlackElo "1660"]
[PlyCount "67"]
[EventDate "2014.01.13"]

1. e4 e5 2. Nf3 Nc6 3. Bb5 a6 4. Ba4 Nf6 5. O-O b5 6. Bb3 Bc5 7. d3 O-O 8. Bg5
h6 9. Bh4 d6 10. c3 Re8 11. a4 b4 12. a5 bxc3 13. Nxc3 Nb4 14. h3 Be6 15. Na4
Bxb3 16. Qxb3 Rb8 17. Qc4 g5 18. Bg3 Nd7 19. Rfc1 c6 20. Nxc5 Nxc5 21. Ra3 Qc7
22. Nd2 Rb5 23. d4 exd4 24. Qxd4 Nb7 25. Nc4 Re6 26. f4 c5 27. Qe3 gxf4 28.
Qxf4 Qe7 29. Nd2 Rxa5 30. Rf3 Nd8 31. Bh4 f6 32. Qxh6 Qh7 33. Rg3+ Kh8 34. Qf8+
1-0

[Event "XXX C.to Torinese Open"]
[Site "Torino ITA"]
[Date "2014.02.10"]
[Round "5"]
[White "Barletta, Mauro"]
[Black "Bringas Osuna, Ivan Jarek"]
[Result "1/2-1/2"]
[WhiteElo "2180"]
[BlackElo "2132"]
[PlyCount "63"]
[EventDate "2014.01.13"]

1. e4 c5 2. c3 d5 3. exd5 Qxd5 4. d4 Nc6 5. Nf3 Bg4 6. Be2 cxd4 7. cxd4 e6 8.
O-O Nf6 9. h3 Bh5 10. Nc3 Qa5 11. Qb3 Qb4 12. Qxb4 Bxb4 13. Be3 O-O 14. Rac1
Ne7 15. g4 Bg6 16. Ne5 Nfd5 17. Nxg6 hxg6 18. Rfd1 Rac8 19. Nxd5 Nxd5 20. Rxc8
Rxc8 21. Rc1 Rxc1+ 22. Bxc1 Ba5 23. Bf3 Bb6 24. Be3 Nxe3 25. fxe3 e5 26. Bxb7
exd4 27. exd4 Bxd4+ 28. Kg2 Bxb2 29. Bd5 Kf8 30. Kf3 Ke7 31. Ke4 f6 32. Bb3
1/2-1/2